Transformers Autobots And Decepticons - Statistics

General Stats
  • This quiz has been taken 886 times
    623 since last reset
  • The average score is 32 of 99
Answer Stats
Make/Model or Vehicle/Machine Mode Hint Answer % Correct
Essential Transformers Knowledge N/A planet of the transformers Cybertron
91%
N/A lifeblood of all Transformers Energon
79%
Autobots Peterbilt 379 Truck/ Marmon 97 Semi Truck/ Western Star 4900 Phantom Custom Semi-Trailer Truck leader Optimus Prime
79%
master of the decepticons, apprentice of ^ Megatron
78%
F-22 Raptor second-in-command to ^ Starscream
75%
N/A ancient, mystical source of power, created the Transformers, its vessel is a giant, shrinkable cube The Allspark
74%
Chevrolet Camaro scout/guardian Bumblebee
72%
Satelite, Mercedes SLS AMG decepticon communications chief Soundwave
72%
GMC Topkick Pickup Truck weapons specialist Ironhide
63%
Hummer Search & Rescue Truck medic Ratchet
63%
scientist Shockwave
62%
Pontiac Solstice second-in-command to Optimus Jazz
59%
Decepticons N/A original decepticon, also known as Megatronus Prime The Fallen
59%
oldest motorcycle triplet Arcee
56%
traitor to autobots Sentinel Prime
56%
dinobot: fire-breathing T-Rex Grimlock
54%
first decepticon to engage the army (in movie #1), also the largest Blackout
53%
Lamborghini most evil decepticon, hunter/mercenary Lockdown
51%
N/A life force and container of memories for all Transformers Spark
51%
hunter/scout Barricade
50%
SR-71 Blackbird traitor to decepticons Jetfire
50%
ultimate constructicon, formed from others Devastator
49%
birdlike spy for Soundwave Laserbeak
49%
N/A legendary key to The Energon Harvester, able to reignite ^ The Matrix Of Leadership
48%
Ferrari 458 Italia warrior Dino (Mirage)
47%
movie #4 decepticon leader Galvatron
47%
Oshkosh Defense Medium Tactical Vehicle fat warrior Hound
47%
Corvette Stingray warrior Sideswipe
46%
catlike spy for Soundwave Ravage
45%
high-class warrior Drift
44%
scientist Que (Wheeljack)
44%
N/A a Cybertronian means of intergalactic transport Space Bridge
40%
constructicon Long Haul
39%
decepticon who hates everything Bonecrusher
38%
paratrooper Crosshairs
38%
assassin, close to Barricade Frenzy
36%
Chevrolet Volt troublemaker, uses electricity Jolt
36%
N/A devices built by Sentinel Prime, able to open ^ The Pillars
35%
N/A name given to the elemental metals of the Transformers Transformium
35%
decepticon weapons specialist Brawl
34%
constructicon Mixmaster
33%
similar to Blackout Grindor
32%
wrecker Leadfoot
31%
drone Wheelie
31%
middle motorcycle triplet Chromia
30%
youngest motorcycle triplet Elita One
30%
infiltrator Mudflap
30%
Blackout's right hand assistant Scorponok
30%
infiltrator Skids
30%
dinobot: Tricerotops Slug
29%
movie #4 vehicon Stinger
29%
N/A Unicron
28%
N/A Quintessa
27%
constructicon Scrapper
27%
pet of Shockwave Driller
26%
wrecker Topspin
26%
drone Brains
25%
constructicon Rampage
25%
female decepticon Pretendor (Alice)
24%
wrecker Roadbuster
24%
Hot Rod
23%
Chevrolet Suburban dread Crankcase
21%
Chevrolet Suburban dread Crowbar
21%
Chevrolet Suburban dread Hatchet
20%
constructicon Scavenger
20%
Decepticons Continued cowardly infiltrator Sideways
20%
dinobot: two-headed Pterosaur Strafe
20%
Nitro Zeus
18%
dinobot: Spinosaurus Scorn
18%
Onslaught
17%
the doctor Scalpel
17%
constructicon Hightower
16%
Mohawk
16%
Long Haul's decapitated head Igor
15%
small decepticons disguised as metal orbs Microcons (Form Into Reedman)
15%
Dreadbot
14%
small, bug-like decepticon drones Insecticons
14%
constructicon Scrapmetal
14%
N/A a machine built and used by the 7 Primes, harvests Energon by destroying suns The Energon Harvester
14%
constructicon Overload
13%
Berserker
12%
Cogman
10%
constructicon Demolishor
10%
Soda Machine soda machine Dispensor
10%
two-faced decpticon, one eye on each face Two-Face
10%
Daytrader
7%
Canopy
5%
movie #4 vehicon Junkheap
5%
Toaster toaster Ejector
4%
Sqweeks
4%
Steeljaw
4%
kitchen appliance decepticons, including ^ Kitchenbots
3%
Nemesis Prime
3%
N/A leader of the Primes Solus Prime
3%
movie #4 car-bots, including Two-Face Vehicons
3%
machines turned into decepticons, including ^ Allspark-Bots
1%
N/A original Cybertronian leaders, including above and below The 7 Primes
1%
Infernocons (form into Infernocus)
0%
The twelve former Guardian Knights of Quintessa Knights Of Iacon (form into Dragonstorm)
0%
No matching quizzes found
Score Distribution
Percent of People with Each Score
Percentile by Number Answered
Your Score History
You have not taken this quiz since the last reset